[Event "Team men HL chess"]
[Site "?"]
[Date "2015.05.06"]
[Round "6.7"]
[White "Gabrielian, Artur"]
[Black "Golubov, Saveliy"]
[Result "1/2-1/2"]
[WhiteElo "2562"]
[BlackElo "2370"]
[PlyCount "81"]
[EventDate "2015.05.01"]

1. e4 e6 2. d4 d5 3. Bd3 c5 4. exd5 exd5 5. dxc5 Bxc5 6. Nf3 Nf6 7. O-O O-O 8.
Bg5 h6 9. Bh4 Nc6 10. Nc3 Be6 11. Re1 a6 12. h3 Rc8 13. a3 Kh8 14. Qd2 Be7 15.
Rad1 Qb6 16. b4 Nd4 17. Re3 Nxf3+ 18. Rxf3 Qd4 19. Bxf6 Bxf6 20. Ne2 Qb2 21. a4
Bg5 22. Qe1 Bd7 23. c3 Bxa4 24. Ra1 Bc2 25. Bxc2 Qxc2 26. Qd1 Qe4 27. Ra5 Rfe8
28. Kf1 Re7 29. Ng3 Qc4+ 30. Kg1 d4 31. Qxd4 Qxd4 32. cxd4 Rc4 33. b5 axb5 34.
Nf5 Rd7 35. Rxb5 g6 36. h4 Bc1 37. Ne3 Rcxd4 38. h5 Kg7 39. hxg6 fxg6 40. g3
Rd2 41. Nc4 1/2-1/2

[Event "Team men HL chess"]
[Site "?"]
[Date "2015.05.06"]
[Round "6.7"]
[White "Ivanov, Alexander Al"]
[Black "Rozhko, Dmitry"]
[Result "0-1"]
[WhiteElo "2420"]
[BlackElo "2334"]
[PlyCount "84"]
[EventDate "2015.05.01"]

1. e4 c6 2. d3 d5 3. Qe2 dxe4 4. dxe4 e5 5. Nf3 Qc7 6. Nbd2 Nf6 7. h3 Nbd7 8.
g3 a5 9. a4 b6 10. Nb3 Nc5 11. Nxc5 Bxc5 12. c3 h6 13. Nh4 Be6 14. Qf3 Nxe4 15.
Rh2 Nd6 16. Qe2 e4 17. Ng2 Bc4 18. Qc2 O-O 19. Bf4 Bxf1 20. Kxf1 Rfe8 21. Re1
Qe7 22. Bxd6 Bxd6 23. h4 Qf6 24. Kg1 Bc5 25. Ne3 Rad8 26. Rg2 Rd3 27. Kh2 Qe6
28. Nf1 Qd5 29. Qe2 f5 30. Qh5 Qf7 31. Qxf7+ Kxf7 32. Re2 Red8 33. h5 Kf6 34.
g4 Bd6+ 35. Kg1 f4 36. Rxe4 f3 37. Rg3 Bxg3 38. Nxg3 Rd1+ 39. Kh2 R8d2 40. Rf4+
Kg5 41. Rxf3 Kxg4 42. Kg2 Rg1+ 0-1

[Event "Team men HL chess"]
[Site "?"]
[Date "2015.05.06"]
[Round "6.7"]
[White "Bykov, Egor"]
[Black "Konaplev, Anton"]
[Result "1/2-1/2"]
[WhiteElo "2245"]
[BlackElo "2294"]
[PlyCount "83"]
[EventDate "2015.05.01"]

1. d4 d6 2. Nf3 g6 3. e4 Bg7 4. c3 Nd7 5. Bd3 e5 6. O-O Ngf6 7. Qc2 O-O 8. Bg5
c6 9. Nbd2 Qc7 10. Rfe1 Re8 11. dxe5 dxe5 12. Bf1 Nc5 13. b4 Ne6 14. Bh4 a5 15.
a4 axb4 16. cxb4 Nh5 17. Nc4 h6 18. b5 cxb5 19. axb5 Bd7 20. Qb2 Rxa1 21. Rxa1
Nd4 22. Nxd4 exd4 23. Re1 Qc5 24. Qa3 Qxa3 25. Nxa3 g5 26. Bg3 Nxg3 27. hxg3
Ra8 28. Nc2 Ra2 29. Bd3 Bxb5 30. Bxb5 Rxc2 31. Rb1 Rd2 32. Rb3 Rd1+ 33. Kh2 b6
34. Bc4 Bf8 35. Rxb6 d3 36. Rb7 d2 37. Bxf7+ Kh8 38. Rd7 Bb4 39. Bh5 Re1 40.
Rd4 Bc3 41. Rd3 Bb4 42. Rd4 1/2-1/2

[Event "Team men HL chess"]
[Site "?"]
[Date "2015.05.06"]
[Round "6.7"]
[White "Khoroshilov, Nikita"]
[Black "Nechaev, Oleg"]
[Result "1-0"]
[WhiteElo "2263"]
[BlackElo "2339"]
[PlyCount "123"]
[EventDate "2015.05.01"]

1. Nf3 c5 2. e4 Nc6 3. d3 g6 4. g3 Bg7 5. Bg2 e5 6. O-O Nge7 7. Re1 O-O 8. c3
d6 9. a3 h6 10. b4 Be6 11. Nbd2 Qd7 12. Bb2 b6 13. Nf1 Bh3 14. d4 Bxg2 15. Kxg2
exd4 16. cxd4 cxb4 17. axb4 Nxb4 18. Qd2 a5 19. Bc3 Nec6 20. Ne3 d5 21. e5 f6
22. e6 Qxe6 23. Nc4 Qf5 24. Nxb6 Rab8 25. Nh4 Qc2 26. Nd7 g5 27. Nxb8 Rxb8 28.
Bxb4 Nxb4 29. Nf3 g4 30. Qf4 gxf3+ 31. Qxf3 Qc7 32. Re6 Qf7 33. Qf5 Ra8 34.
Rae1 Ra7 35. Re8+ Bf8 36. R1e6 a4 37. Rc8 Kg7 38. Ree8 Qg6 39. Qxg6+ Kxg6 40.
Rxf8 a3 41. Ra8 Rxa8 42. Rxa8 a2 43. f3 h5 44. Kf1 h4 45. Ke2 hxg3 46. hxg3 Nc2
47. Rxa2 Nxd4+ 48. Ke3 Nf5+ 49. Kf4 Ng7 50. Rd2 Nh5+ 51. Ke3 f5 52. Rxd5 Nxg3
53. Kf4 Ne2+ 54. Ke5 Ng1 55. Rd6+ Kh5 56. f4 Nf3+ 57. Kxf5 Nh4+ 58. Ke5 Kg4 59.
f5 Kg5 60. Rd8 Nf3+ 61. Ke6 Kh6 62. f6 1-0

[Event "Team men HL chess"]
[Site "?"]
[Date "2015.05.06"]
[Round "6.8"]
[White "Airapetian, Gor"]
[Black "Tukhaev, Adam"]
[Result "1/2-1/2"]
[WhiteElo "2439"]
[BlackElo "2544"]
[PlyCount "104"]
[EventDate "2015.05.01"]

1. d4 d5 2. c4 c6 3. Nc3 dxc4 4. e3 b5 5. a4 b4 6. Ne4 Qd5 7. Ng3 Nf6 8. Be2 g6
9. Nf3 Bg7 10. O-O Ba6 11. Qc2 b3 12. Qc3 c5 13. Ne5 Qd8 14. Bxc4 Bxc4 15. Qxc4
Qd5 16. Ra3 Qxc4 17. Nxc4 cxd4 18. Rxb3 Nc6 19. exd4 O-O 20. Be3 Rfc8 21. Rc1
Nd5 22. Rb5 Nc7 23. Rc5 Ne6 24. Rxc6 Rxc6 25. d5 Bxb2 26. Rc2 Rxc4 27. Rxc4 Nf8
28. Rc7 Rd8 29. Rxe7 Rxd5 30. Rxa7 Bd4 31. Bxd4 Rxd4 32. f3 Rd1+ 33. Kf2 Rd2+
34. Ne2 Ne6 35. Ke3 Ra2 36. a5 Kg7 37. h3 h5 38. Nc3 Ra3 39. Kd3 Nd8 40. Kc4
Nc6 41. Rc7 Nxa5+ 42. Kb4 Ra1 43. Nb5 h4 44. Nd6 Kf6 45. Ne4+ Ke6 46. Ng5+ Kd6
47. Rxf7 Nc6+ 48. Kc3 Ne7 49. Ne4+ Ke6 50. Ng5+ Kd6 51. Ne4+ Ke6 52. Ng5+ Kd6
1/2-1/2

[Event "Team men HL chess"]
[Site "?"]
[Date "2015.05.06"]
[Round "6.8"]
[White "Yandarbiev, Ruslan"]
[Black "Domogaev, Sergey"]
[Result "1/2-1/2"]
[WhiteElo "2334"]
[BlackElo "2489"]
[PlyCount "82"]
[EventDate "2015.05.01"]

1. e4 e5 2. Nf3 Nf6 3. Nxe5 d6 4. Nf3 Nxe4 5. d4 d5 6. Bd3 Nc6 7. O-O Be7 8. c4
O-O 9. Nc3 Nf6 10. h3 Nb4 11. Be2 Be6 12. a3 Nc6 13. c5 Ne4 14. Bb5 Nxc3 15.
bxc3 Na5 16. Ne5 Bf5 17. Re1 c6 18. Bf1 b6 19. cxb6 axb6 20. g4 Be4 21. f3 Bg6
22. Bf4 Bd6 23. a4 Qc7 24. Kg2 Rfe8 25. Nxg6 hxg6 26. Bxd6 Qxd6 27. Rb1 Qa3 28.
Qc2 Rxe1 29. Rxe1 Nc4 30. Bxc4 dxc4 31. Rb1 Rxa4 32. Rxb6 Qa1 33. Rb1 Ra2 34.
Rxa1 Rxc2+ 35. Kg3 Rxc3 36. Ra6 Rd3 37. Rxc6 Rxd4 38. Rc8+ Kh7 39. g5 f6 40. h4
Rd5 41. gxf6 gxf6 1/2-1/2

[Event "Team men HL chess"]
[Site "?"]
[Date "2015.05.06"]
[Round "6.8"]
[White "Sadovsky, Artem"]
[Black "Bimiev, Ahmad"]
[Result "1-0"]
[WhiteElo "2381"]
[BlackElo "1996"]
[PlyCount "161"]
[EventDate "2015.05.01"]

1. e4 e5 2. Nf3 Nc6 3. Nc3 Nf6 4. Be2 Bc5 5. O-O d6 6. d3 h6 7. Be3 O-O 8. Qd2
Bg4 9. h3 Bxf3 10. Bxf3 Nd4 11. Bd1 Ne6 12. Kh2 c6 13. Bxc5 dxc5 14. g3 Qd4 15.
Qe3 Qxe3 16. fxe3 c4 17. Be2 cxd3 18. cxd3 Rfd8 19. Rad1 a5 20. Rf5 a4 21. Rdf1
Nc5 22. Rxe5 Nxd3 23. Re7 b5 24. e5 Ne8 25. Bh5 f6 26. Rd1 Kf8 27. Rf7+ Kg8 28.
e6 g6 29. Bxg6 Ne5 30. Bh5 Rxd1 31. Nxd1 Ng7 32. Rxf6 Nxh5 33. Rf5 Nd3 34. Rxh5
Kg7 35. Rh4 Re8 36. Re4 Nc5 37. Re5 Nd3 38. Re4 Nc5 39. Rg4+ Kf6 40. Rh4 Kg6
41. Kg2 Rxe6 42. Kf3 Rf6+ 43. Ke2 Rf7 44. Nf2 a3 45. bxa3 Ra7 46. Ng4 h5 47.
Ne5+ Kg5 48. Nxc6 Rxa3 49. Rb4 Rxa2+ 50. Kf3 Ra6 51. h4+ Kh6 52. Nd4 Rf6+ 53.
Kg2 Nd3 54. Rxb5 Rf2+ 55. Kg1 Ra2 56. Rg5 Nf2 57. Nf5+ Kh7 58. Kf1 Ne4 59.
Rxh5+ Kg6 60. g4 Rh2 61. Rh6+ Kf7 62. Kg1 Rd2 63. g5 Kg8 64. Re6 Nc5 65. Rc6
Ne4 66. g6 Rd8 67. h5 Rf8 68. h6 Ng5 69. e4 Re8 70. Rc4 Nf3+ 71. Kf2 Ne5 72.
Rc7 Nxg6 73. Rg7+ Kh8 74. Rxg6 Rxe4 75. Rf6 Kh7 76. Kf3 Re1 77. Kg4 Rg1+ 78.
Kh5 Rg2 79. Rf7+ Kh8 80. Nh4 Rh2 81. Kg6 1-0

[Event "Team men HL chess"]
[Site "?"]
[Date "2015.05.06"]
[Round "6.8"]
[White "Movldiev, Ibragim"]
[Black "Pogosian, Manvel"]
[Result "0-1"]
[WhiteElo "2054"]
[BlackElo "2378"]
[PlyCount "60"]
[EventDate "2015.05.01"]

1. e4 c6 2. Nc3 d5 3. Nf3 Bg4 4. h3 Bxf3 5. Qxf3 e6 6. d4 Nf6 7. Bd3 Be7 8. e5
Nfd7 9. O-O c5 10. Qg3 g6 11. Bh6 Nc6 12. dxc5 Nxc5 13. Rfd1 Qb6 14. a3 Rc8 15.
Bb5 a6 16. Bxc6+ Qxc6 17. b4 Na4 18. Nxa4 Qxa4 19. Qb3 Qxb3 20. cxb3 g5 21.
Rac1 Kd7 22. Kf1 Rxc1 23. Rxc1 Rg8 24. h4 gxh4 25. Be3 Bd8 26. a4 Bc7 27. f4 h3
28. gxh3 Rg3 29. Ke2 Rxh3 30. Rg1 Rxe3+ 0-1

[Event "Team men HL chess"]
[Site "?"]
[Date "2015.05.06"]
[Round "6.9"]
[White "Smirnov, Alexey"]
[Black "Iljin, Artem"]
[Result "1-0"]
[WhiteElo "2482"]
[BlackElo "2537"]
[PlyCount "145"]
[EventDate "2015.05.01"]

1. d4 Nf6 2. c4 e6 3. Nc3 Bb4 4. Qc2 c5 5. dxc5 Qc7 6. a3 Bxc5 7. Nf3 a6 8. Bg5
Be7 9. e4 d6 10. Be2 O-O 11. O-O b6 12. Rfd1 Bb7 13. Rd2 Nbd7 14. Bf4 Rfd8 15.
Rad1 Ne8 16. h3 Rac8 17. Be3 Nef6 18. Bf4 Ne8 19. a4 Qb8 20. Qb1 h6 21. b4 Qa8
22. Nd4 Ne5 23. Qb3 Nf6 24. f3 Rc7 25. Nc2 Rdc8 26. Na3 Qb8 27. Bf1 Ba8 28. Qb2
Nfd7 29. Bg3 Nf6 30. Na2 Ra7 31. Nc1 Nfd7 32. Kh1 Kh8 33. Nb3 Bc6 34. b5 Ba8
35. bxa6 Rxa6 36. c5 Rxa4 37. cxd6 Bf6 38. Nd4 Qxd6 39. Ndb5 Qf8 40. Qb3 Rb4
41. Qe3 Nc5 42. Nd6 Rb3 43. Qe1 Nxf3 44. gxf3 Rxa3 45. Nxc8 Qxc8 46. Bg2 Kh7
47. Rd6 Bc6 48. Rb1 Be7 49. Rxb6 Bxd6 50. Bxd6 Bd7 51. e5 Ra4 52. Qb1+ g6 53.
Rb8 Qa6 54. Bf1 Qc6 55. Qc1 Ra8 56. Rxa8 Qxa8 57. Bxc5 Qxf3+ 58. Bg2 Qf5 59.
Bf8 Qxe5 60. Bxh6 Bb5 61. Bd2 Bd3 62. Bc3 Qf5 63. Qe1 g5 64. Qe3 Kg6 65. Qd4 f6
66. Kg1 e5 67. Qd8 Bc4 68. Qa8 Kg7 69. Qb7+ Kh6 70. Bb4 g4 71. Bd2+ Kh5 72.
hxg4+ Kxg4 73. Qg7+ 1-0

[Event "Team men HL chess"]
[Site "?"]
[Date "2015.05.06"]
[Round "6.9"]
[White "Rodchenkov, Sergey D"]
[Black "Pakhomov, Alexey"]
[Result "1/2-1/2"]
[WhiteElo "2355"]
[BlackElo "2362"]
[PlyCount "91"]
[EventDate "2015.05.01"]

1. d4 d5 2. Nf3 e6 3. c4 Nf6 4. Nc3 Nbd7 5. Bg5 c6 6. e3 Qa5 7. Nd2 Bb4 8. Rc1
Ne4 9. Ndxe4 dxe4 10. Bh4 Qxa2 11. Qc2 Nb6 12. Kd1 Qa5 13. c5 Bxc3 14. Qxc3
Qxc3 15. bxc3 Nd5 16. Bg3 b5 17. c4 bxc4 18. Bxc4 a5 19. Ra1 Kd7 20. Kd2 Bb7
21. Rhb1 Bc8 22. Ra3 Nc7 23. Ra4 Ra7 24. Rba1 Bb7 25. Rxa5 Rxa5 26. Rxa5 Ra8
27. Rxa8 Nxa8 28. Be5 g6 29. Ke2 Nc7 30. Bxc7 Kxc7 31. g4 h6 32. f3 exf3+ 33.
Kxf3 Kd7 34. g5 hxg5 35. Kg4 f6 36. Bd3 Ke7 37. Bxg6 Ba6 38. Kh5 Be2+ 39. Kh6
g4 40. e4 Bf3 41. e5 f5 42. Kg5 Bd5 43. Bh5 Bc4 44. Kf4 Be2 45. Bg6 Ba6 46. Bh5
1/2-1/2

[Event "Team men HL chess"]
[Site "?"]
[Date "2015.05.06"]
[Round "6.9"]
[White "Draganov, Ruslan"]
[Black "Gerasimov, Ivan"]
[Result "0-1"]
[WhiteElo "2193"]
[BlackElo "2329"]
[PlyCount "68"]
[EventDate "2015.05.01"]

1. d4 Nf6 2. Nf3 e6 3. g3 b5 4. Bg2 Bb7 5. O-O c5 6. a4 b4 7. c4 bxc3 8. Nxc3
cxd4 9. Nxd4 Bxg2 10. Kxg2 Be7 11. e4 O-O 12. e5 Ne8 13. Qf3 Na6 14. Rd1 Nb4
15. a5 a6 16. Ra4 Qc8 17. Nde2 Rb8 18. Rd4 Nc6 19. Rh4 Bxh4 20. Rxh4 Nxe5 21.
Qh5 f6 22. Qxh7+ Kf7 23. Ne4 Qc6 24. Kh3 Ng6 25. Qh5 Rh8 26. Qg4 Nxh4 27. gxh4
Qd5 28. N4g3 g5 29. h5 Rc8 30. Nc3 Qd3 31. Qb4 Qf3 32. Qg4 Qxg4+ 33. Kxg4 Rc4+
34. Kf3 d5 0-1

[Event "Team men HL chess"]
[Site "?"]
[Date "2015.05.06"]
[Round "6.9"]
[White "Bakunin, Damir"]
[Black "Romanenkov, Aleksandr"]
[Result "1-0"]
[WhiteElo "1990"]
[BlackElo "2123"]
[PlyCount "99"]
[EventDate "2015.05.01"]

1. e4 c5 2. Nf3 e6 3. d4 cxd4 4. Nxd4 Nf6 5. Nc3 Bb4 6. Qd3 Nc6 7. Nxc6 bxc6 8.
e5 Nd5 9. Bd2 Qa5 10. Ne4 Nf4 11. Qd6 Bxd2+ 12. Nxd2 Ng6 13. O-O-O Qxe5 14. Qa3
d5 15. Nf3 Qc7 16. Nd4 Ne7 17. g3 e5 18. Nb3 O-O 19. Bg2 f5 20. Nc5 Rb8 21. Bf1
f4 22. Ba6 Rf6 23. gxf4 exf4 24. Rhg1 Nf5 25. Rde1 Qf7 26. Re5 Nd6 27. Rge1
Bxa6 28. Qxa6 Nc4 29. Re7 Qg6 30. Nd7 Rbf8 31. Nxf8 Rxf8 32. Qb7 Qf6 33. Rg1 g6
34. Rxh7 f3 35. Kb1 Ne5 36. Qe7 Qxe7 37. Rxe7 Rf5 38. Rxa7 Rh5 39. a4 Rxh2 40.
Re7 Nc4 41. b3 Kf8 42. Rc7 Nd2+ 43. Kb2 Rxf2 44. a5 Re2 45. a6 f2 46. Rh1 Kg8
47. a7 Re8 48. Rb7 f1=Q 49. Rxf1 Nxf1 50. Rb8 1-0

[Event "Team men HL chess"]
[Site "?"]
[Date "2015.05.06"]
[Round "6.10"]
[White "Skomorokhin, Roman"]
[Black "Musalov, Ruslan"]
[Result "1/2-1/2"]
[WhiteElo "2376"]
[BlackElo "2352"]
[PlyCount "82"]
[EventDate "2015.05.01"]

1. d4 d5 2. c4 dxc4 3. Nf3 Nf6 4. e3 e6 5. Bxc4 c5 6. O-O cxd4 7. exd4 Be7 8.
Nc3 O-O 9. Be3 Nc6 10. Qe2 a6 11. Rad1 Qa5 12. h3 Rd8 13. Bb3 Qh5 14. Na4 b5
15. Nc5 Na5 16. Bc2 Bd7 17. Rfe1 Bc6 18. Ne5 Qxe2 19. Rxe2 Bd5 20. b3 Nc6 21.
Red2 Bxc5 22. Nxc6 Bxc6 23. dxc5 Rxd2 24. Rxd2 Nd5 25. Bd4 f6 26. f3 Nb4 27.
Bb1 Rd8 28. a3 Nd5 29. Bf2 Rd7 30. Bg3 Nc3 31. Rxd7 Bxd7 32. Bd3 Kf7 33. Bd6 g6
34. f4 Bc6 35. Kf2 Ke8 36. g4 Ne4+ 37. Bxe4 Bxe4 38. g5 fxg5 39. fxg5 e5 40.
Ke3 Bd5 41. Bxe5 Kd7 1/2-1/2

[Event "Team men HL chess"]
[Site "?"]
[Date "2015.05.06"]
[Round "6.10"]
[White "Nazaretyan, Tigran"]
[Black "Zakharov, Aleksej"]
[Result "1-0"]
[WhiteElo "2202"]
[BlackElo "2310"]
[PlyCount "120"]
[EventDate "2015.05.01"]

1. d4 Nf6 2. Nc3 d5 3. Bf4 Bf5 4. f3 e6 5. g4 Bg6 6. h4 h6 7. e3 a6 8. h5 Bh7
9. Bd3 Bxd3 10. Qxd3 c5 11. dxc5 Bxc5 12. Nge2 Nc6 13. Nd4 Nxd4 14. exd4 Bd6
15. Qe3 Bxf4 16. Qxf4 Qb8 17. Qe3 Qg3+ 18. Kd2 O-O-O 19. Rag1 Qd6 20. f4 Rhe8
21. Kc1 Ng8 22. Na4 b6 23. Rh3 Kb7 24. Qd2 Qc6 25. Qb4 Qb5 26. Qa3 Qc6 27. Rb3
b5 28. Nc5+ Ka7 29. Qb4 Rb8 30. Ra3 Rb6 31. g5 Qc7 32. Kb1 Ne7 33. gxh6 gxh6
34. Qa5 Rc8 35. Qd2 Nf5 36. c3 Qe7 37. Rb3 Rxc5 38. dxc5 Qxc5 39. Re1 Rb8 40.
a4 bxa4 41. Rxb8 Kxb8 42. Qg2 Kb7 43. Qg8 Qe7 44. Ka2 Nd6 45. Rg1 Qc7 46. Qg7
Qc4+ 47. Ka1 Qxf4 48. Qg3 Qxg3 49. Rxg3 e5 50. Rg7 e4 51. Kb1 Kc6 52. Rh7 d4
53. cxd4 Nf5 54. Rxf7 Nxd4 55. Rf6+ Kd5 56. Rxh6 e3 57. Kc1 Ke4 58. Rxa6 Nb3+
59. Kd1 Nc5 60. Ra8 Kd3 1-0

[Event "Team men HL chess"]
[Site "?"]
[Date "2015.05.06"]
[Round "6.10"]
[White "Talanin, Andrei"]
[Black "Shandrygin, Nikita"]
[Result "0-1"]
[WhiteElo "2279"]
[BlackElo "2187"]
[PlyCount "80"]
[EventDate "2015.05.01"]

1. d4 Nf6 2. Nf3 g6 3. g3 Bg7 4. Bg2 O-O 5. O-O d5 6. Bf4 c6 7. Nbd2 Nbd7 8. c4
Nh5 9. cxd5 Nxf4 10. gxf4 cxd5 11. Rc1 Nf6 12. e3 Qb6 13. Qb3 Bf5 14. Qa3 Rfc8
15. Nb3 Bf8 16. Nc5 Be4 17. Rc3 e6 18. Rfc1 Qd8 19. Qb3 b6 20. Na6 Bd6 21. a3
h6 22. Nd2 Bxg2 23. Kxg2 g5 24. fxg5 hxg5 25. Qc2 Rxc3 26. Qxc3 Qe7 27. Qc6 Rd8
28. Nc7 g4 29. Nb5 Bb8 30. Nc3 Kg7 31. Ne2 Nh5 32. Nf1 Qh4 33. Ng1 Rh8 34. Qb7
Nf6 35. Rc8 Ne4 36. Rxh8 Qxf2+ 37. Kh1 Qxf1 38. Rg8+ Kxg8 39. Qxb8+ Kh7 40. h3
g3 0-1

[Event "Team men HL chess"]
[Site "?"]
[Date "2015.05.06"]
[Round "6.10"]
[White "Bagdasarov, Eduard"]
[Black "Shumilina, Alexandra"]
[Result "1/2-1/2"]
[WhiteElo "1970"]
[BlackElo "2269"]
[PlyCount "66"]
[EventDate "2015.05.01"]

1. e4 c5 2. Nf3 d6 3. d4 cxd4 4. Nxd4 Nf6 5. Nc3 a6 6. h3 e5 7. Nde2 Nbd7 8. g4
Nc5 9. Bg2 h6 10. Be3 Qc7 11. Ng3 b5 12. O-O b4 13. Nd5 Nxd5 14. exd5 Be7 15.
f4 exf4 16. Rxf4 O-O 17. Rxb4 Bh4 18. Nf5 Bxf5 19. gxf5 Qe7 20. Bxc5 dxc5 21.
Re4 Qf6 22. c3 Bg3 23. Qf3 Bd6 24. Rae1 Rfb8 25. R1e2 Qg5 26. b3 a5 27. Rg4 Qf6
28. Ra4 Qg5 29. Rg4 Qf6 30. Ra4 Qg5 31. Rg4 Qf6 32. Ra4 Qg5 33. Rg4 Qf6 1/2-1/2

[Event "Team men HL chess"]
[Site "?"]
[Date "2015.05.07"]
[Round "7.1"]
[White "Iljiushenok, Ilia"]
[Black "Goganov, Aleksey"]
[Result "0-1"]
[WhiteElo "2485"]
[BlackElo "2612"]
[PlyCount "136"]
[EventDate "2015.05.01"]

1. e4 e6 2. d4 d5 3. e5 c5 4. c3 Qb6 5. Nf3 Nc6 6. a3 Bd7 7. b4 cxd4 8. cxd4
Rc8 9. Bb2 Nh6 10. Be2 Be7 11. O-O O-O 12. Nbd2 Nb8 13. Nb3 Ba4 14. Qd3 a6 15.
Rfc1 Bb5 16. Qd2 Bxe2 17. Qxe2 Nc6 18. Nc5 Bxc5 19. dxc5 Qb5 20. Kf1 Nf5 21.
Rd1 Rfd8 22. Qd3 h5 23. g3 d4 24. Qxb5 axb5 25. Rd3 g5 26. Re1 g4 27. Ng5 Rd5
28. f4 gxf3 29. Nxf3 Ne3+ 30. Kg1 Nc4 31. Bxd4 Rcd8 32. Re4 N6xe5 33. Nxe5 Nxe5
34. Rc3 Ng4 35. Be3 Rd3 36. Rxd3 Rxd3 37. Bf4 Rxa3 38. Re2 Nf6 39. Bd6 Nd5 40.
Re5 Ra1+ 41. Kg2 Ra2+ 42. Kg1 Nxb4 43. c6 Nxc6 44. Rg5+ Kh7 45. Rxh5+ Kg6 46.
Rxb5 Nd4 47. Rxb7 Nf3+ 48. Kf1 Nxh2+ 49. Kg1 Nf3+ 50. Kf1 e5 51. Rb4 Kf5 52.
Bc7 Nd2+ 53. Kg1 Nf3+ 54. Kf1 Rc2 55. Bd8 f6 56. Ra4 Nd2+ 57. Ke1 Nf3+ 58. Kf1
e4 59. Bb6 Nd2+ 60. Ke1 Nf3+ 61. Kf1 Nh2+ 62. Ke1 Ng4 63. Ra5+ Kg6 64. Rc5 Rb2
65. Bc7 Ne3 66. Ba5 Ng2+ 67. Kd1 e3 68. Kc1 Ra2 0-1

[Event "Team men HL chess"]
[Site "?"]
[Date "2015.05.07"]
[Round "7.1"]
[White "Yudin, Sergei"]
[Black "Nozdrachev, Vladislav"]
[Result "1-0"]
[WhiteElo "2520"]
[BlackElo "2476"]
[PlyCount "89"]
[EventDate "2015.05.01"]

1. e4 e5 2. Nf3 Nc6 3. Bb5 a6 4. Ba4 Nf6 5. d3 d6 6. c4 g6 7. h3 Bg7 8. O-O O-O
9. Nc3 Nd7 10. Re1 Nc5 11. Bxc6 bxc6 12. Bg5 Qe8 13. Be3 Ne6 14. d4 f5 15. d5
f4 16. Bd2 Nd4 17. dxc6 Nxc6 18. Nd5 Ra7 19. b4 g5 20. b5 Ne7 21. Nxe7+ Qxe7
22. Bb4 axb5 23. cxb5 h5 24. Nh2 g4 25. hxg4 hxg4 26. Nxg4 Qe6 27. Nh2 Rxa2 28.
Qd3 Bb7 29. Rac1 Rf7 30. Nf3 Bf6 31. Ra1 Rg7 32. Rxa2 Qxa2 33. b6 Qe6 34. bxc7
Qh3 35. Kf1 Rxg2 36. Ke2 d5 37. exd5 Qc8 38. Rc1 Ba6 39. Rc4 Rg7 40. d6 Qd7 41.
Ke1 Kh8 42. Bc3 Rg8 43. Nxe5 Re8 44. c8=Q Bxc8 45. Rxc8 1-0

[Event "Team men HL chess"]
[Site "?"]
[Date "2015.05.07"]
[Round "7.1"]
[White "Chernobay, Artem"]
[Black "Pogromsky, Mikhail"]
[Result "1-0"]
[WhiteElo "2511"]
[BlackElo "2428"]
[PlyCount "129"]
[EventDate "2015.05.01"]

1. e4 Nf6 2. e5 Nd5 3. d4 d6 4. c4 Nb6 5. exd6 exd6 6. Nc3 Be7 7. Bd3 Nc6 8.
Nge2 Bg4 9. Be3 O-O 10. O-O Bh5 11. b3 Bf6 12. Qd2 Bg6 13. Bxg6 hxg6 14. d5 Ne7
15. g4 Re8 16. Rad1 g5 17. f3 Bxc3 18. Nxc3 f6 19. Nb5 Ng6 20. Nd4 Nd7 21. Bf2
a5 22. Bg3 Nde5 23. Qc2 Qd7 24. Ne6 Nf8 25. Bxe5 dxe5 26. Nc5 Qe7 27. Ne4 b6
28. c5 bxc5 29. Nxc5 Red8 30. Qc4 Kh7 31. Rc1 Ra7 32. Rfd1 Rd6 33. Ne4 Rd8 34.
Qd3 Kh8 35. Rc6 a4 36. Qc4 axb3 37. axb3 Rb7 38. Rc1 Ng6 39. Nc5 Rb6 40. Ne6
Rxc6 41. Qxc6 Nf4 42. Nxd8 Ne2+ 43. Kg2 Nxc1 44. Ne6 Nxb3 45. d6 cxd6 46. Qc8+
Kh7 47. Qc2+ e4 48. Qxb3 exf3+ 49. Kxf3 d5 50. Qd3+ g6 51. Qxd5 Qa3+ 52. Ke2
Kh6 53. Qd8 Qa2+ 54. Kd3 Qa3+ 55. Kc4 Qa2+ 56. Kc5 Qa3+ 57. Kc6 Qa4+ 58. Kd6
Qa6+ 59. Ke7 Qb7+ 60. Ke8 Qc6+ 61. Kf7 Qb7+ 62. Qe7 Qc8 63. Qf8+ Qxf8+ 64. Kxf8
f5 65. h3 1-0

[Event "Team men HL chess"]
[Site "?"]
[Date "2015.05.07"]
[Round "7.1"]
[White "Vokarev, Sergey"]
[Black "Sarana, Alexey"]
[Result "1/2-1/2"]
[WhiteElo "2456"]
[BlackElo "2436"]
[PlyCount "72"]
[EventDate "2015.05.01"]

1. e4 c5 2. Nf3 d6 3. d4 cxd4 4. Qxd4 Nf6 5. Bb5+ Nc6 6. c4 Nd7 7. Qd2 g6 8. b3
Bg7 9. Bb2 O-O 10. Bxg7 Kxg7 11. Nc3 Nc5 12. Bxc6 bxc6 13. O-O f6 14. Nd4 Qb6
15. Rab1 a5 16. Rfd1 Bd7 17. a3 Ne6 18. Nde2 Qc5 19. Qc1 Rfb8 20. Na4 Qa7 21.
Nf4 Nd4 22. c5 Nxb3 23. Qc3 Nxc5 24. Nxc5 Qxc5 25. Qxc5 dxc5 26. Rbc1 Ra7 27.
Nd3 Be6 28. Nxc5 Bf7 29. Rd2 Rb5 30. h4 a4 31. f3 Raa5 32. Rdc2 Bb3 33. Rc3 Bf7
34. R3c2 Bb3 35. Rc3 Bf7 36. R3c2 Bb3 1/2-1/2

[Event "Team men HL chess"]
[Site "?"]
[Date "2015.05.07"]
[Round "7.2"]
[White "Demidov, Mikhail"]
[Black "Kiriakov, Petr"]
[Result "0-1"]
[WhiteElo "2513"]
[BlackElo "2535"]
[PlyCount "246"]
[EventDate "2015.05.01"]

1. e4 e6 2. d4 d5 3. exd5 exd5 4. Nf3 Nf6 5. c4 Bb4+ 6. Nc3 O-O 7. Bd3 Re8+ 8.
Be3 dxc4 9. Bxc4 Be6 10. Bxe6 Rxe6 11. O-O Nbd7 12. Qb3 a5 13. d5 Re8 14. Rfd1
Ne5 15. Nxe5 Rxe5 16. Bd4 Rh5 17. h3 b6 18. d6 Qxd6 19. Bxf6 Qxf6 20. Nd5 Qh4
21. Nxc7 Rf8 22. Nd5 Bc5 23. Qf3 Rg5 24. Rd3 h6 25. Re1 Qc4 26. Nc3 Rg6 27. Re4
Qa6 28. Nd5 Qb5 29. Re2 Qc4 30. a3 Re6 31. Nc3 Rfe8 32. Rxe6 Qxe6 33. Rd1 Qe5
34. g3 Bd4 35. Rd3 Re6 36. Kg2 g6 37. Qa8+ Re8 38. Qc6 Bc5 39. Rf3 Qe6 40. Qb5
Rd8 41. Rd3 Rxd3 42. Qxd3 Qf6 43. Qe2 Bxa3 44. bxa3 Qxc3 45. Qe8+ Kg7 46. a4 h5
47. h4 Qd4 48. Kg1 Qd1+ 49. Kg2 Qd5+ 50. Kg1 Kf6 51. Qe2 Qe6 52. Qb2+ Ke7 53.
Qd4 Qf6 54. Qe4+ Kd6 55. Qd3+ Kc7 56. Qc4+ Kb8 57. Qe4 Qe6 58. Qf4+ Kb7 59.
Qf3+ Kc7 60. Qc3+ Kd6 61. Qd4+ Kc6 62. Qc3+ Kd5 63. Kh2 Kd6 64. Kg1 Qd5 65. Kh2
Qa2 66. Qd4+ Kc6 67. Qf6+ Qe6 68. Qc3+ Kb7 69. Qf3+ Ka7 70. Qc3 Qd7 71. Qc4 Kb7
72. Kg1 Qe6 73. Qc3 Qe4 74. Qb3 Qe1+ 75. Kg2 Qe6 76. Qa3 b5 77. axb5 Kb6 78.
Qa4 Qd5+ 79. Kg1 Qxb5 80. Qd4+ Kb7 81. Qe4+ Qc6 82. Qe7+ Qc7 83. Qe4+ Kb6 84.
Qd4+ Kb5 85. Qd5+ Kb4 86. Qd4+ Qc4 87. Qb2+ Kc5 88. Qe5+ Qd5 89. Qc3+ Kd6 90.
Qf6+ Kd7 91. Kh2 a4 92. Qf4 Qb3 93. Qd4+ Ke6 94. Qe4+ Kd6 95. Qd4+ Kc6 96. Qe4+
Kc5 97. Qe7+ Kd4 98. Qf6+ Kd3 99. Qf3+ Kd2 100. Qf4+ Ke2 101. Kg2 Qd5+ 102. Kg1
Qd1+ 103. Kh2 Kf1 104. Qc4+ Qe2 105. Qc1+ Kxf2 106. Qg1+ Kf3+ 107. Kh3 Qe6+
108. Kh2 Qe2+ 109. Kh3 Qc4 110. Qd1+ Ke4 111. Qd2 Kf5 112. Qf2+ Ke6 113. Qe3+
Kf6 114. Qf2+ Kg7 115. Qb2+ Kh7 116. Kh2 Qb3 117. Qf2 a3 118. Qa7 a2 119. Kh3
Qe6+ 120. Kh2 Qe2+ 121. Kg1 Qe1+ 122. Kh2 a1=Q 123. Qxf7+ Qg7 0-1

[Event "Team men HL chess"]
[Site "?"]
[Date "2015.05.07"]
[Round "7.2"]
[White "Zablotsky, Sergei"]
[Black "Chekhov, Sergei"]
[Result "1/2-1/2"]
[WhiteElo "2525"]
[BlackElo "2480"]
[PlyCount "82"]
[EventDate "2015.05.01"]

1. c4 Nf6 2. Nc3 c5 3. g3 e6 4. Nf3 b6 5. Bg2 Bb7 6. O-O d6 7. d4 cxd4 8. Qxd4
a6 9. Rd1 Nbd7 10. b3 Be7 11. e4 Qc8 12. Ba3 Nc5 13. e5 dxe5 14. Nxe5 Bxg2 15.
Kxg2 O-O 16. f3 Rd8 17. Qe3 Qb7 18. Rxd8+ Rxd8 19. Rd1 Rxd1 20. Nxd1 Nfd7 21.
Nxd7 Qxd7 22. Nf2 a5 23. Bb2 f6 24. Qd4 Qc6 25. Qe3 Kf7 26. Bc3 Qd7 27. Qe2 e5
28. Ng4 Qd3 29. Qd2 Qxd2+ 30. Bxd2 Nd3 31. Ne3 Ke6 32. Nd5 Bc5 33. Kf1 Nb4 34.
Bxb4 axb4 35. Ke2 f5 36. Kd3 h5 37. h3 g5 38. Nc7+ Kd7 39. Nd5 Ke6 40. Nc7+ Kf7
41. Nd5 Ke6 1/2-1/2